Descubrir el derecho Las nociones elementales del Derecho Privado y del Derecho Pb︢lico explicadas en forma sistemt̀ica /

Detalles Bibliográficos
Autor principal: Zegarra Mulǹovich, ℓlvaro
Formato: eBook
Lenguaje:español
Publicado: Lima : Palestra Editores, 2009.
Colección:Coleccin̤ Jurd̕ica UDEP
Materias:
Acceso en línea:Acceso restringido

MARC

LEADER 00000nam a22000007a 4500
005 20110901122421.0
008 110901t2009 pe ||||s|||| 00| 0 spa d
020 |a 978-612-4047-01-5  
035 |a 5356 
040 |a vLex 
090 |c 2331  |d 2331 
100 1 |a Zegarra Mulǹovich, ℓlvaro 
245 1 0 |a Descubrir el derecho  |b Las nociones elementales del Derecho Privado y del Derecho Pb︢lico explicadas en forma sistemt̀ica /  |c ℓlvaro Zegarra Mulǹovich  |h [Recurso electrn̤ico] : 
256 |a Servicio en ln̕ea. 
260 |a Lima :  |b Palestra Editores,  |c 2009. 
300 |a 340 p. 
490 0 |a Coleccin̤ Jurd̕ica UDEP 
500 |a El estudio de conceptos de la Teora̕ General del Derecho, como la validez, las fuentes y la estructura de las normas, as ̕como de las instituciones del Derecho Privado son revisadas de forma continua e interrelacionada en esta obra. 
506 1 |a Contenido solo disponible en los productos indicados  |d vLex Global  |d vLex Global (Academic Edition, excluding Law Schools)  |d vLex Global (U.S. Academic Edition, Law Schools)  |d vLex Global (U.S. Academic Edition, excluding Law Schools)  |d vLex Global (Academic Edition, Law Schools) 
650 0 4 |a Derecho civil  |z Per︢ 
650 0 4 |a Derecho pb︢lico  |z Per︢ 
740 0 |a vLex Libros (Servicio en ln̕ea) 
856 4 0 |u http://vlex.com/source/descubrir-derecho-privado-publico-5356  |z Acceso restringido 
942 |c BOOK